书目信息 |
| 题名: |
缅北之战
|
|
| 作者: | 黄仁宇 著 | |
| 分册: | ||
| 出版信息: | 北京 新星出版社 2007 |
|
| 页数: | 240页 | |
| 开本: | 22cm | |
| 丛书名: | ||
| 单 册: | ||
| 中图分类: | I253.2 | |
| 科图分类: | ||
| 主题词: | 通讯--tong xun--中国--现代--选集 | |
| 电子资源: | ||
| ISBN: | 978-7-80225-247-9 | |
| 000 | 00959nam0 2200253 450 | |
| 001 | 012004131719 | |
| 005 | 20080927134822.76 | |
| 010 | @a978-7-80225-247-9@dCNY23.00 | |
| 100 | @a20070509d2007 em y0chiy0110 ea | |
| 101 | 0 | @achi |
| 102 | @aCN@b110000 | |
| 105 | @aab z 000zy | |
| 200 | 1 | @a缅北之战@Amian bei zhi zhan@d= The battles in Northern Burma@e二战记忆@f(美) 黄仁宇著@zeng |
| 210 | @a北京@c新星出版社@d2007 | |
| 215 | @a240页@c图, 照片@d22cm | |
| 330 | @a本书是第一部由学者写成二战中国战场实录,是著名历史学家黄仁宇在抗战时期的战地报告,是记录中国抗日远征军在缅北进行会战的实录,也是研究缅北战争的第一手历史资料。 | |
| 510 | 1 | @aBattles in Northern Burma@zeng |
| 517 | 1 | @a二战记忆@Aer zhan ji yi |
| 601 | 02 | @a国民党军@Aguo min dang jun@x第二次世界大战@j史料 |
| 606 | 0 | @a通讯@Atong xun@y中国@z现代@j选集 |
| 690 | @aI253.2@v4 | |
| 701 | 0 | @a黄仁宇@Ahuang ren yu,@bR.@g(Huang, Ray)@4著 |
| 801 | @aCN@c20080927 | |
| 905 | @dI253.2@eH870 | |
| 缅北之战= The battles in Northern Burma:二战记忆/(美) 黄仁宇著.-北京:新星出版社,2007 |
| 240页:图, 照片;22cm |
| ISBN 978-7-80225-247-9:CNY23.00 |
| 本书是第一部由学者写成二战中国战场实录,是著名历史学家黄仁宇在抗战时期的战地报告,是记录中国抗日远征军在缅北进行会战的实录,也是研究缅北战争的第一手历史资料。 |
| ● |
| 相关链接 |
|
|
|
正题名:缅北之战
索取号:I253.2/H870
 
预约/预借
| 序号 | 登录号 | 条形码 | 馆藏地/架位号 | 状态 | 备注 |
| 1 | 840729 | 208407295 | 文学库108/108文学库 67排11列2层/ [索取号:I253.2/H870] | 在馆 | |
| 2 | 840730 | 208407302 | 文学库108/108文学库 67排11列2层/ [索取号:I253.2/H870] | 在馆 | |
| 3 | 840731 | 208407311 | 文学库108/108文学库 67排11列2层/ [索取号:I253.2/H870] | 在馆 |